India at the United Nations / (Record no. 136421)

MARC details
000 -LEADER
fixed length control field 00731nam a2200217 4500
010 ## - LIBRARY OF CONGRESS CONTROL NUMBER
LC control number A-991591
020 ## - INTERNATIONAL STANDARD BOOK NUMBER
International Standard Book Number 8176480843
Terms of availability 2500.00(set)
035 ## - SYSTEM CONTROL NUMBER
System control number A-991591
037 ## - SOURCE OF ACQUISITION
Stock number Cen Lib/Ret
040 ## - CATALOGING SOURCE
Original cataloging agency DPL
Language of cataloging EN
082 ## - DEWEY DECIMAL CLASSIFICATION NUMBER
Classification number 341.2354
Item number MAD
245 ## - TITLE STATEMENT
Title India at the United Nations /
Statement of responsibility, etc edited by S.K. Madhavan.
260 ## - PUBLICATION, DISTRIBUTION, ETC. (IMPRINT)
Place of publication, distribution, etc New Delhi
Name of publisher, distributor, etc A. P. H. Publishing Corporation
Date of publication, distribution, etc 1999
270 ## - ADDRESS
City New Delhi
300 ## - PHYSICAL DESCRIPTION
Extent 3 v. ; (v 1. 566 ; v 2. 567-800 ; v 3. 801-1093)
Other physical details 22cm
Dimensions ill
500 ## - GENERAL NOTE
General note 3 v. ; v 1. (available) ; v 2. (available) ; v 3. (available).
650 ## - SUBJECT ADDED ENTRY--TOPICAL TERM
Topical term or geographic name as entry element United Nations -- India.
650 ## - SUBJECT ADDED ENTRY--TOPICAL TERM
Topical term or geographic name as entry element India -- Foreign relations.
700 ## - ADDED ENTRY--PERSONAL NAME
Personal name Madhavan, S. K.
942 ## - ADDED ENTRY ELEMENTS (KOHA)
Source of classification or shelving scheme Dewey Decimal Classification
Koha item type English Books
Classification part 341.2354
Call number suffix MAD
Holdings
Withdrawn status Lost status Materials specified (bound volume or other part) Damaged status Not for loan Collection code Home library Current library Date acquired Source of acquisition Cost, normal purchase price Total Checkouts Full call number Barcode Date last seen Copy number Cost, replacement price Price effective from Koha item type
    v.1   Not For Loan Reference Central Library Central Library 02/03/2016 Cen Lib/Ret 2500.00   341.2354 MAD A-991591 02/03/2016 1 2500.00 02/03/2016 English Books
    v.2   Not For Loan Reference Central Library Central Library 02/03/2016 Cen Lib/Ret 2500.00   341.2354 MAD A-991592 02/03/2016 2 2500.00 02/03/2016 English Books
    v.3   Not For Loan Reference Central Library Central Library 02/03/2016 Cen Lib/Ret 2500.00   341.2354 MAD A-991593 02/03/2016 3 2500.00 02/03/2016 English Books

© Delhi Public Library
Hit Counter
free hit counter